|
|
|
|
| LEADER |
02021nam a2200445 i 4500 |
| 001 |
EBC1345953 |
| 003 |
MiAaPQ |
| 005 |
20200520144314.0 |
| 006 |
m o d | |
| 007 |
cr cnu|||||||| |
| 008 |
140623t19941994gw ob 001 0 ger d |
| 020 |
|
|
|z 9783486645682
|
| 020 |
|
|
|a 9783486703092 (e-book)
|
| 035 |
|
|
|a (MiAaPQ)EBC1345953
|
| 035 |
|
|
|a (Au-PeEL)EBL1345953
|
| 035 |
|
|
|a (CaPaEBR)ebr10880046
|
| 035 |
|
|
|a (CaONFJC)MIL610476
|
| 035 |
|
|
|a (OCoLC)879549960
|
| 040 |
|
|
|a MiAaPQ
|b eng
|e rda
|e pn
|c MiAaPQ
|d MiAaPQ
|
| 043 |
|
|
|a e-gw---
|
| 050 |
|
4 |
|a DD260.5
|b .V66 1994
|
| 082 |
0 |
|
|a 327.43/009/045
|2 20
|
| 245 |
0 |
0 |
|a Von Adenauer zu Erhard :
|b Studien zur auswartigen Politik der Bundesrepublik Deutschland 1963 /
|c herausgegeben von Rainer A. Blasius.
|
| 264 |
|
1 |
|a Munchen, [Germany] :
|b R. Oldenbourg Verlag,
|c 1994.
|
| 264 |
|
4 |
|c 1994
|
| 300 |
|
|
|a 1 online resource (222 pages).
|
| 336 |
|
|
|a text
|2 rdacontent
|
| 337 |
|
|
|a computer
|2 rdamedia
|
| 338 |
|
|
|a online resource
|2 rdacarrier
|
| 490 |
1 |
|
|a Schriftenreihe der Vierteljahrshefte fur Zeitgeschichte ;
|v Band 68
|
| 504 |
|
|
|a Includes bibliographical references and index.
|
| 588 |
|
|
|a Description based on print version record.
|
| 590 |
|
|
|a Electronic reproduction. Ann Arbor, MI : ProQuest, 2015. Available via World Wide Web. Access may be limited to ProQuest affiliated libraries.
|
| 651 |
|
0 |
|a Germany (West)
|x Foreign relations.
|
| 655 |
|
4 |
|a Electronic books.
|
| 700 |
1 |
|
|a Blasius, Rainer A.
|q (Rainer Achim),
|d 1952-
|e editor.
|
| 776 |
0 |
8 |
|i Print version:
|t Von Adenauer zu Erhard : Studien zur auswartigen Politik der Bundesrepublik Deutschland 1963.
|d Munchen, [Germany] : R. Oldenbourg Verlag, c1994
|h 222 pages
|k Schriftenreihe der Vierteljahrshefte fur Zeitgeschichte ; Band 68.
|z 9783486645682
|w 95118826
|
| 797 |
2 |
|
|a ProQuest (Firm)
|
| 830 |
|
0 |
|a Schriftenreihe der Vierteljahrshefte fur Zeitgeschichte ;
|v Band 68.
|
| 856 |
4 |
0 |
|u https://ebookcentral.proquest.com/lib/matrademy/detail.action?docID=1345953
|z Click to View
|